Intuition : (Record no. 476)

MARC details
000 -LEADER
fixed length control field 00668cam a2200229 4500
001 - CONTROL NUMBER
control field 646
005 - DATE AND TIME OF LATEST TRANSACTION
control field 20181127161807.0
008 - FIXED-LENGTH DATA ELEMENTS--GENERAL INFORMATION
fixed length control field 050805s2006 nyu 000 1 eng
010 ## - LIBRARY OF CONGRESS CONTROL NUMBER
LC control number 2005051940
020 ## - INTERNATIONAL STANDARD BOOK NUMBER
International Standard Book Number 0385336128
International Standard Book Number 9780385336123
043 ## - GEOGRAPHIC AREA CODE
Geographic area code n-us-ma
100 1# - MAIN ENTRY--PERSONAL NAME
Personal name Goodman, Allegra.
245 10 - TITLE STATEMENT
Title Intuition :
Remainder of title a novel /
Statement of responsibility, etc. Allegra Goodman.
260 ## - PUBLICATION, DISTRIBUTION, ETC.
Place of publication, distribution, etc. New York :
Name of publisher, distributor, etc. Dial Press,
Date of publication, distribution, etc. 2006.
300 ## - PHYSICAL DESCRIPTION
Extent 344 p. ;
Dimensions 25 cm.
650 #0 - SUBJECT ADDED ENTRY--TOPICAL TERM
Topical term or geographic name entry element Cancer
General subdivision Research
Form subdivision Fiction.
Topical term or geographic name entry element Research
General subdivision Moral and ethical aspects
Form subdivision Fiction.
Topical term or geographic name entry element Research institutes
Form subdivision Fiction.
651 #0 - SUBJECT ADDED ENTRY--GEOGRAPHIC NAME
Geographic name Cambridge (Mass.)
Form subdivision Fiction.
655 #7 - INDEX TERM--GENRE/FORM
Genre/form data or focus term Psychological fiction.
Source of term lcsh
Holdings
Withdrawn status Lost status Source of classification or shelving scheme Damaged status Not for loan Collection code Home library Current library Shelving location Date acquired Serial Enumeration / chronology Inventory number Total Checkouts Total Renewals Full call number Barcode Date last seen Date last checked out Price effective from Koha item type
    Dewey Decimal Classification     Fiction RTC Library RTC Library Fiction 29/10/2021 1466 4 3 FIC 813.54 GOO 30000796 05/09/2022 05/08/2022 27/11/2018 Fiction
Royal Thimphu College || All Right Reserved